Research methods for business : (Record no. 20475)

MARC details
000 -LEADER
fixed length control field 00576nam a22001937a 4500
003 - CONTROL NUMBER IDENTIFIER
control field OSt
008 - FIXED-LENGTH DATA ELEMENTS--GENERAL INFORMATION
fixed length control field 240514b2021 |||||||| |||| 00| 0 eng d
020 ## - INTERNATIONAL STANDARD BOOK NUMBER
International Standard Book Number 9789354244773
082 ## - DEWEY DECIMAL CLASSIFICATION NUMBER
Classification number 658.4031
Item number BOU-R
100 ## - MAIN ENTRY--PERSONAL NAME
Personal name Bougie, Roger
245 ## - TITLE STATEMENT
Title Research methods for business :
Remainder of title a skill-building approach /
Statement of responsibility, etc Roger Bougie, Uma Sekaran and Mala Srivastava.
250 ## - EDITION STATEMENT
Edition statement 8th
260 ## - PUBLICATION, DISTRIBUTION, ETC. (IMPRINT)
Place of publication, distribution, etc New Delhi :
Name of publisher, distributor, etc Wiley India,
Date of publication, distribution, etc 2021.
300 ## - PHYSICAL DESCRIPTION
Extent / Pages xxxiii, 481 p. ;
650 ## - SUBJECT ADDED ENTRY--TOPICAL TERM
Topical term or geographic name as entry element Business -Research-Methodology
700 ## - ADDED ENTRY--PERSONAL NAME
Personal name Sekaran, Uma
700 ## - ADDED ENTRY--PERSONAL NAME
Personal name Srivastava, Mala
942 ## - ADDED ENTRY ELEMENTS (KOHA)
Source of classification or shelving scheme
Koha item type Books
Holdings
Withdrawn status Lost status Source of classification or shelving scheme Damaged status Not for loan Home library Current library Date acquired Source of acquisition Currency Cost, normal purchase price Full call number Barcode Date last seen Copy number Bill Date Koha item type Bill Number
          SOBD Library SOBD Library 11/04/2024 Vedi Books INR 749.00 658.4031 BOU-R1 004981 14/05/2024 1 11/04/2024 Reference Books VEDI/24-25/04/08
          SOBD Library SOBD Library 11/04/2024 Vedi Books INR 749.00 658.4031 BOU-R2 004982 14/05/2024 2 11/04/2024 Books VEDI/24-25/04/08
          SOBD Library SOBD Library 11/04/2024 Vedi Books INR 749.00 658.4031 BOU-R3 004983 14/05/2024 3 11/04/2024 Books VEDI/24-25/04/08
          SOBD Library SOBD Library 11/04/2024 Vedi Books INR 749.00 658.4031 BOU-R4 004984 14/05/2024 4 11/04/2024 Books VEDI/24-25/04/08
          SOBD Library SOBD Library 11/04/2024 Vedi Books INR 749.00 658.4031 BOU-R5 004985 14/05/2024 5 11/04/2024 Books VEDI/24-25/04/08
          SOBD Library SOBD Library 11/04/2024 Vedi Books INR 749.00 658.4031 BOU-R6 004986 14/05/2024 6 11/04/2024 Books VEDI/24-25/04/08
          SOBD Library SOBD Library 11/04/2024 Vedi Books INR 749.00 658.4031 BOU-R7 004987 14/05/2024 7 11/04/2024 Books VEDI/24-25/04/08
Hosted, Implemented, Customized & Maintained by: BestBookBuddies

Powered by Koha